00478nam a22001577a 4500008004100000020001800041040005500059080001500114245005500129260003700184300001400221500001700235650002100252653002400273700002300297230804b |||||||| |||| 00| 0 eng d a0-12-037504-4 aNational Science LibrarycNational Science Library a577.17(05) aAdvances in steroid biochemistry and pharmacology  aLondon: bAcademic Press, c1974 axi, 326p. a Vol. 4 1974 aComputerization  aDictionary symbols  aBriggs, M H (Ed.)